Countries Start and End in Consonants - Statistics

General Stats
  • This quiz has been taken 240 times
  • The average score is 56 of 64
Answer Stats
Hint Answer % Correct
Finland
95%
Sweden
95%
Denmark
94%
Kyrgyzstan
94%
Brazil
93%
Japan
93%
Switzerland
93%
Turkmenistan
93%
Yemen
93%
Chad
92%
Jordan
92%
Norway
92%
Spain
92%
Tajikistan
92%
Bahrain
91%
K Kazakhstan
91%
Portugal
91%
Belarus
90%
Bhutan
90%
Luxembourg
90%
Netherlands
90%
Poland
90%
Thailand
90%
V Vatican City
90%
Belgium
89%
Dominican Republic
89%
Liechtenstein
89%
Pakistan
89%
South Sudan
89%
Sudan
89%
Vietnam
89%
Lebanon
88%
S Saint Kitts and Nevis
88%
Saint Vincent and the Grenadines
88%
Barbados
87%
Benin
87%
C Cameroon
87%
Comoros
87%
Germany
87%
Honduras
87%
Laos
87%
Madagascar
87%
N Nepal
87%
New Zealand
87%
Qatar
87%
Turkey
87%
Marshall Islands
86%
Paraguay
86%
Senegal
86%
Gabon
85%
Hungary
85%
Kuwait
85%
Myanmar
85%
Seychelles
85%
Bahamas
84%
Bangladesh
84%
Cyprus
84%
Niger
84%
Philippines
84%
Solomon Islands
83%
Mauritius
82%
Taiwan
82%
Maldives
81%
Central African Republic
80%
No matching quizzes found
Score Distribution
Percent of People with Each Score
Percentile by Number Answered
Your Score History
You have not taken this quiz